| Tag |
First Indicator |
Second Indicator |
Subfields |
| LEADER |
00000cam a22000004a 4500 |
| 001 |
in00002467413 |
| 005 |
20151110040816.0 |
| 008 |
080328s2008 pauabe b 001 0deng |
| 010 |
|
|
|a 2008014194
|
| 020 |
|
|
|a 9780980149623 (alk. paper)
|
| 020 |
|
|
|a 0980149622 (alk. paper)
|
| 035 |
|
|
|a (OCoLC)ocn223105438
|
| 040 |
|
|
|a DLC
|c DLC
|d UtOrBLW
|
| 043 |
|
|
|a n-us---
|a n-us-pa
|
| 049 |
|
|
|a TXAM
|
| 050 |
0 |
0 |
|a E468.9
|b .B695 2008
|
| 082 |
0 |
0 |
|a 973.7/448092
|a B
|2 22
|
| 100 |
1 |
|
|a Brandt, Dennis W.,
|d 1946-
|
| 245 |
1 |
0 |
|a Pathway to hell :
|b a tragedy of the American Civil War /
|c Dennis W. Brandt.
|
| 264 |
|
1 |
|a Bethlehem, Pa. :
|b Lehigh University Press,
|c [2008]
|
| 264 |
|
4 |
|c ©2008
|
| 300 |
|
|
|a 208 pages :
|b illustrations, maps, plans ;
|c 25 cm.
|
| 336 |
|
|
|a text
|b txt
|2 rdacontent
|
| 337 |
|
|
|a unmediated
|b n
|2 rdamedia
|
| 338 |
|
|
|a volume
|b nc
|2 rdacarrier
|
| 504 |
|
|
|a Includes bibliographical references (pages 191-197) and index.
|
| 651 |
|
0 |
|a United States
|x History
|y Civil War, 1861-1865
|x Psychological aspects
|v Case studies.
|
| 651 |
|
0 |
|a United States
|x History
|y Civil War, 1861-1865
|x Health aspects
|v Case studies.
|
| 600 |
1 |
0 |
|a Crapsey, Angelo M.,
|d 1842-1864.
|
| 600 |
1 |
0 |
|a Crapsey, Angelo M.,
|d 1842-1864
|x Mental health.
|
| 600 |
1 |
0 |
|a Crapsey, Angelo M.,
|d 1842-1864
|x Death and burial.
|
| 650 |
|
0 |
|a Soldiers
|z Pennsylvania
|v Biography.
|
| 650 |
|
0 |
|a Veterans
|z Pennsylvania
|v Biography.
|
| 650 |
|
0 |
|a Veterans
|x Mental health
|z United States
|v Case studies.
|
| 650 |
|
0 |
|a Post-traumatic stress disorder
|z United States
|v Case studies.
|
| 650 |
|
0 |
|a Suicide
|z United States
|v Case studies.
|
| 945 |
|
|
|a PromptCat
|
| 946 |
|
|
|a stk
|
| 947 |
|
|
|a A14837414855
|
| 948 |
|
|
|a cataloged
|b h
|c 2009/1/6
|d c
|e dmitchel
|f 3:00:00 pm
|
| 994 |
|
|
|a 92
|b TXA
|
| 999 |
|
|
|a MARS
|
| 999 |
f |
f |
|s cb69592d-4314-3696-979c-d0be48675330
|i ed15930e-41b4-3757-8347-e04b9d05f9cf
|t 0
|
| 952 |
f |
f |
|p ric
|a Texas A&M University
|b Rellis Campus
|c Joint Library Facility
|d Remote Storage
|t 0
|e E468.9 .B695 2008
|h Library of Congress classification
|i unmediated -- volume
|m A14837414855
|
| 998 |
f |
f |
|a E468.9 .B695 2008
|t 0
|l Remote Storage
|